|
|
|
|
| LEADER |
01052nam a2200277 4500 |
| 001 |
ocn605724815 |
| 003 |
OCoLC |
| 005 |
20180501121926.0 |
| 008 |
970714s1981 enka b 000 0 eng d |
| 040 |
|
|
|a U5D
|b eng
|c U5D
|d OCLCQ
|d BDX
|d WAU
|d OCLCQ
|d GrThAP
|
| 020 |
|
|
|a 0444901817
|
| 020 |
|
|
|a 9780444901811
|
| 035 |
|
|
|a (OCoLC)605724815
|
| 049 |
|
|
|a TEFA
|
| 245 |
0 |
0 |
|a Side effects of drugs annual :
|b a worldwide yearly survey of new data and trends.
|n 5: 1981 /
|c editor, M.N.G. Dukes, assiatant editor: J. Elis.
|
| 260 |
|
|
|a Oxford ;
|a Amsterdam :
|b Elsevier/North-Holland :
|b Excerpta Medica,
|c 1981.
|
| 300 |
|
|
|a xxiv, 476 pages :
|b illustrations ;
|c 25 cm
|
| 336 |
|
|
|a text
|b txt
|2 rdacontent
|
| 337 |
|
|
|a unmediated
|b n
|2 rdamedia
|
| 338 |
|
|
|a volume
|b nc
|2 rdacarrier
|
| 504 |
|
|
|a Bibliographies.
|
| 650 |
|
2 |
|a Drugs
|x adverse effects.
|
| 650 |
|
2 |
|a Pharmacology.
|
| 700 |
1 |
|
|a Dukes, M. N. G.
|q (Maurice Nelson Graham),
|d 1930-
|
| 700 |
1 |
|
|a Elis, J.
|q (Jiří)
|
| 856 |
4 |
0 |
|u https://www.sciencedirect.com/science/bookseries/03786080/5
|z Full Text via HEAL-Link
|